| 000 | 00448cam a2200169 4500 | ||
|---|---|---|---|
| 001 | D13270 | ||
| 008 | 090401t1908 xxu||||| |||| 00| 0 eng d | ||
| 035 | _a(Sirsi) u94399 | ||
| 041 | _aeng | ||
| 100 | _aLewis, C.T.Courtney | ||
| 245 | _aGeorge Baxter (colour printer) his life and work: a manual for collectors | ||
| 260 |
_aLondon _bSampson Low,Marston & Co _c1908 |
||
| 350 | _a0 | ||
| 520 | _aShelf 105 | ||
| 942 | _n0 | ||
| 948 | _c04/03/1997 | ||
| 999 |
_c98017 _d98017 |
||